Muros de mamposteria a escala reducida con empalmes verticales

Na minha lista:
Detalhes bibliográficos
Autor principal: Ceciliano Morales, Luis Diego
Formato: Livro
Idioma:Spanish
Publicado em: [San José], Costa Rica 2015
Assuntos:
Tags: Adicionar Tag
Sem tags, seja o primeiro a adicionar uma tag!

MARC

LEADER 00000nam a22000007a 4500
001 7461
003 012297
005 20221231144024.0
008 151118b2015 cr a|||| |||| 00| | spa d
040 |c cru CEDI 
100 |9 2329  |a Ceciliano Morales, Luis Diego 
245 |a Muros de mamposteria a escala reducida con empalmes verticales  
260 |a  [San José], Costa Rica  |c 2015 
500 |a Proyecto de graduación (licenciatura en ingeniería civil)--Universidad de Costa Rica. Facultad de Ingeniería. Escuela de Ingeniería Civil 
650 |x RESISTENCIA DE MATERIALES  |x ANALISIS ESTRUCTURAL (INGENIERIA)  |x DUCTILIDAD  |x MUROS  |x FLEXION LATERAL  |x MAMPOSTERIA   |9 2330 
942 |c TFG 
999 |c 15741  |d 15741